000 00501nam a2200145Ia 4500
008 100122s9999 xx 000 0 und d
082 _b52560
_a808.4
100 _aखाडीलकर उषा
245 _aइंग्रजी भाषा शिक्षण
260 _bमनोरमा प्रकाशन
_c1996
300 _a263
630 _aइंग्रजी भाषा शिक्षण
730 _aइंग्रजी भाषा शिक्षण
942 _cBOOK
999 _c429736
_d429733